| 000 | 01960cam a22004454i 4500 | ||
|---|---|---|---|
| 003 | PE-LiUPU | ||
| 005 | 20250731172815.0 | ||
| 008 | 150617s1969 sp rb 000 0 spa d | ||
| 035 | _a(Sirsi) a13810 | ||
| 040 |
_aPE-LiUPU _bspa _cPE-LiUPU _erda |
||
| 049 | _aPRUA | ||
| 082 | 0 | 4 |
_a232.1 _bC549v _223 |
| 100 | 1 |
_aChopin, C., _eautor. |
|
| 245 | 1 | 3 |
_aEl verbo encarnado y redentor / _cC. Chopin. |
| 264 | 1 |
_aBarcelona : _bHerder, _c1969. |
|
| 300 |
_a279 páginas ; _c22 centímetros. |
||
| 336 |
_atext _2rdacontent |
||
| 337 |
_aunmediated _2rdamedia |
||
| 338 |
_avolume _2rdacarrier |
||
| 490 | _a(El Misterio Cristiano. Teología Dogmática) | ||
| 504 | _aÍndice: páginas 275-279. | ||
| 505 | 0 | _aLa revelación del misterio de Cristo -- Preparación de Cristo -- Revelación del misterio de Cristo en los sinópticos y en los hechos -- Revelación del misterio de Cristo en las epístolas paulinas -- Revelación del misterio de Crito en los escritos joánicos -- El lugar que ocupa Cristo en la obra de Dios -- Finalidad de la encarnación -- La encarnación, signo del amor divino -- Contingencia de la encarnación -- La unión hipotástica -- Expresiones de la fe en Cristo en la vida de la iglesia -- Teología en la unión hiponástica -- Perfecciones de la naturaleza del verbo encarnado -- La santidad de Cristo -- La ciencia de Cristo -- La libertad de Cristo -- Poder y pasibilidad de Cristo -- La mediación del verbo encarnado -- Cristo mediador -- El magisterio de Cristo. | |
| 526 | _aSEG42 | ||
| 526 | _aSEG41 | ||
| 526 | _aSEG40 | ||
| 526 | _aSEG39 | ||
| 526 | _aP94 | ||
| 526 | _aP87 | ||
| 526 | _aP86 | ||
| 526 | _aP85 | ||
| 526 | _aP77 | ||
| 526 | _aP76 | ||
| 526 | _aP35 | ||
| 600 | 1 | 4 | _aJesucristo |
| 650 | 1 | 4 |
_aEncarnación _93836 |
| 910 | _ajck | ||
| 942 |
_2ddc _cBK |
||
| 999 |
_c4219 _d4219 |
||
| 980 |
_81 _gALBERTO SANCHEZ Responsable de Automatización |
||